00776cgm a22002295a 450000500170000000800410001704100080005808200200006611000390008624500830012525000220020830000190023065000430024965000460029294200200033826400500035833600270040833700330043533800280046804000350049699900150053120220316235759.0030829s2002 ck --- g s vuspa 0 aspa04a637.356 bH63q 2 aHogares Juveniles Campesinos9254710aQueso doble crema y queso perahvideograbacióncHogares Juveniles Campesinos aPrimera edición a1 videocasete 14aIndustria lecheravVideocasetes 2LEMB14aProductos lácteos vVideocasetes 2LEMB 2ddccVIDEOCASET aBogotá bHogares Juveniles Campesinosc2002 atextobtxt2rdacontent asin mediaciónbn2rdamedia avolumenbnc2rdacarrier aCO-BoRNBPbspaerdacCO-BoRNBP c2139d2139